00306nam a2200121Ia 4500003000400000005001700004008004100021020001800062040002000080100002000100245004000120260002400160OSt20240101072209.0170524s9999 xx 000 0 und d a9788173919725 cIIMT UNIVERSITY aSAXENA- AMBRISH 0aFUNDAMENTALS OF REPORTING & EDITING bNEW DELHI: KANISHKA